Local socialism? : labour councils and new left alternatives

Saved in:
Bibliographic Details
Other Authors: Boddy, Martin (Editor), Fudge, Colin (Editor)
Format: Book
Language:English
Published: London : MacMillan, 1985
Subjects:
Tags: Add Tag
No Tags, Be the first to tag this record!

MARC

LEADER 00000nam a2200000 i 4500
001 1/7034
008 960722s1985 eng d
020 |a 0-333-35187-8 
035 |l 10016563 
040 |a GR-MY-UA  |b gre  |e aacr 
041 0 |a eng 
082 0 |a 352.042 
245 1 0 |a Local socialism? :  |b labour councils and new left alternatives /  |c Edited by Martin Boddy ; Colin Fudge 
260 |a London :   |b MacMillan,   |c 1985 
300 |a 290 p. 
504 |a Includes index 
651 0 |a Great Britain  |x Politics and government  |y 1979- 
700 1 |a Boddy, Martin.  |4 edt 
700 1 |a Fudge, Colin.  |4 edt 
852 |a INST  |b LESVOS  |e 19960722  |h 352.042 LOC  |p 005100004111  |q 005100004111  |t BK  |y 0 
909 |a Λ  |b 021097